000 00266nam a22001217a 4500
008 170915b xxu||||| |||| 00| 0 eng d
041 _aeng
080 _a7
100 _a44
101 _aart
245 _aTHE ADVENTURE OF ART
_cIBANEZ.F.M
942 _2udc
_cBK
999 _c27757
_d27757